000 00474 a2200157 4500
999 _c9619
_d9619
050 _aKTL19.A35SOU1965
100 _dDuncan Graeme
_eeditor
245 _aSouth African Law Reports:
_b1965(4) October /
_cedited by Grame Duncan[ et...al]
264 _aCape Town:
_bJuta and CO,LTD,
_c1965
300 _a193p. :
500 _aincludes table of cases
650 _alaw report
700 _aM.Barnett
700 _aJ.L Buchanan
942 _2lcc
_cSERIALS
_hKTL19.A35SOU1965
_iSOU
_kKTZ